[Event "8th Leiden Open A 2014"]
[Site "Leiden NED"]
[Date "2014.07.13"]
[Round "3.12"]
[White "Blom, Vincent"]
[Black "Van der Auweraert, Elwin"]
[Result "1-0"]
[WhiteElo "2218"]
[BlackElo "2198"]
[WhiteFideId "1014358"]
[BlackFideId "1029568"]
[EventDate "2014.07.11"]

1. d4 Nf6 2. g3 e6 3. Bg2 c5 4. Nf3 Nc6 5. c4 cxd4 6. Nxd4 Qb6 7. Nb5 Bb4+ 8.
Bd2 a6 9. Bxb4 Nxb4 10. Nd6+ Ke7 11. a3 Nc2+ 12. Qxc2 Qxd6 13. O-O Rb8 14. c5
Qc7 15. Rc1 b6 16. b4 bxc5 17. Qxc5+ Qxc5 18. Rxc5 Bb7 19. Nd2 Bxg2 20. Kxg2 h5
21. Rac1 h4 22. Ra5 Rb6 23. Kf3 hxg3 24. hxg3 Rh5 25. Rxh5 Nxh5 26. Rc7 Nf6 27.
Nb3 Kd6 28. Ra7 Nd5 29. e4 Nc3 30. Nc5 Nb1 31. Rxd7+ Kc6 32. Rd3 a5 33. bxa5 Rb5
34. Na6 Rxa5 35. Nb4+ Kc5 36. Nc2 Ra7 37. Ke3 Kc4 38. Rd8 Nxa3 39. Rc8+ Kb3 40.
Nxa3 Kxa3 41. Rg8 f6 42. Re8 e5 43. Rb8 Rc7 44. Kf3 Rf7 45. Kg4 g6 46. Rg8 f5+
47. exf5 gxf5+ 48. Kf3 Kb4 49. Re8 e4+ 50. Kf4 Kc4 51. Re5 Kd3 52. Rxf5 Re7 53.
g4 Ke2 54. Re5 Rf7+ 55. Kxe4 Rxf2 56. g5 Rg2 57. Kf4+ Kf2 58. Ra5 1-0

[Event "8th Leiden Open A 2014"]
[Site "Leiden NED"]
[Date "2014.07.13"]
[Round "3.13"]
[White "Middelveld, Martine"]
[Black "Admiraal, Miguoel"]
[Result "1/2-1/2"]
[BlackTitle "FM"]
[WhiteElo "2129"]
[BlackElo "2341"]
[WhiteFideId "1016555"]
[BlackFideId "1019716"]
[EventDate "2014.07.11"]

1. d4 c5 2. d5 e5 3. c4 d6 4. Nc3 Be7 5. Nf3 Bg4 6. e4 Bxf3 7. Qxf3 Bg5 8. g3
Bxc1 9. Rxc1 Nf6 10. h4 O-O 11. Bh3 Na6 12. O-O Nc7 13. Qe2 a6 14. a4 Rb8 15.
Rfe1 Qe8 16. Rb1 Nd7 17. Qg4 Nf6 18. Qe2 b6 19. b3 Rb7 20. Rb2 Qe7 21. Reb1 Rfb8
22. b4 cxb4 23. Rxb4 a5 24. R4b2 Na6 25. f3 Ne8 26. Nd1 Nc5 27. Qc2 Nc7 28. Nf2
Qe8 29. Ra1 N7a6 30. Nd3 Rc7 31. Rb5 Nxd3 32. Qxd3 Nb4 33. Qe2 Qd8 34. Rc1 Rc5
35. Qe3 Qc7 36. Kh2 Re8 37. Bf1 h6 38. Be2 Rc8 39. Kg2 Rxb5 40. axb5 Qc5 41.
Qxc5 Rxc5 42. Kf2 Rc7 43. Ke3 Kf8 44. Kd2 Ke7 45. g4 Rc8 46. Rg1 Kf6 47. Kc3 g6
48. Bf1 Rh8 49. Bh3 Ke7 50. Rf1 Na2+ 51. Kb2 Nb4 52. Kc3 f6 53. Rg1 Rg8 54. Rg3
Na2+ 55. Kb2 Nb4 56. Kc3 Rh8 57. Rg1 h5 58. gxh5 Rxh5 59. Rxg6 Rxh4 60. Be6 Rh2
61. Rg7+ Kd8 62. Rg8+ Ke7 63. Rg7+ 1/2-1/2

[Event "8th Leiden Open A 2014"]
[Site "Leiden NED"]
[Date "2014.07.13"]
[Round "3.14"]
[White "Thakoerdien, Jerrel"]
[Black "Slingerland, Fred"]
[Result "1-0"]
[BlackTitle "IM"]
[WhiteElo "2115"]
[BlackElo "2328"]
[WhiteFideId "1037439"]
[BlackFideId "1002473"]
[EventDate "2014.07.11"]

1. d4 d5 2. Nf3 Nf6 3. c4 dxc4 4. e3 e6 5. Bxc4 c5 6. Qe2 Nc6 7. O-O a6 8. dxc5
Bxc5 9. e4 Qc7 10. e5 Nd7 11. Bf4 b5 12. Bd3 Bb7 13. Nbd2 Nd4 14. Nxd4 Bxd4 15.
Rfe1 Nc5 16. Rac1 Qb6 17. Bb1 O-O 18. b4 Na4 19. Nb3 Rfd8 20. Bg5 Rd5 21. Nxd4
Qxd4 22. Qh5 g6 23. Qh6 Rxe5 24. Rxe5 Qxe5 25. Qh4 Nc3 26. Bf6 Qd5 27. f3 Ne2+
28. Kf2 Qd2 29. Rc2 Qd1 30. Rxe2 h5 31. Be4 Bxe4 32. Qxe4 Rc8 33. Bb2 Kf8 34.
Qd4 Qxd4+ 35. Bxd4 Rc4 36. Rd2 Ke8 37. Bf6 1-0

[Event "8th Leiden Open A 2014"]
[Site "Leiden NED"]
[Date "2014.07.13"]
[Round "3.15"]
[White "Roorda, Thijs"]
[Black "Lupor, Andre"]
[Result "0-1"]
[BlackTitle "FM"]
[WhiteElo "2074"]
[BlackElo "2281"]
[WhiteFideId "1027930"]
[BlackFideId "4680103"]
[EventDate "2014.07.11"]

1. Nf3 c5 2. e4 e6 3. d4 cxd4 4. Nxd4 a6 5. Be2 Nf6 6. Nc3 Qc7 7. O-O d6 8. a4
Nc6 9. Nxc6 bxc6 10. Bf4 e5 11. Be3 Be7 12. h3 Be6 13. f4 exf4 14. Bxf4 O-O 15.
Qd3 Nd7 16. Qg3 Ne5 17. Nd1 a5 18. Nf2 Ng6 19. Be3 Bh4 20. Qh2 Bf6 21. Nd3 Qe7
22. Rad1 Bc4 23. b3 Qxe4 24. Rf3 Ne5 25. Rg3 Bxd3 26. Bxd3 Nxd3 27. cxd3 Qb4 28.
d4 Rfe8 29. Kh1 Qxb3 30. Qg1 Re4 31. Rf1 Bxd4 0-1

[Event "8th Leiden Open A 2014"]
[Site "Leiden NED"]
[Date "2014.07.13"]
[Round "3.16"]
[White "Oudewaal, Vincent"]
[Black "Jansen, Dirk Norbert"]
[Result "0-1"]
[WhiteElo "2060"]
[BlackElo "2212"]
[WhiteFideId "1033301"]
[BlackFideId "4668022"]
[EventDate "2014.07.11"]

1. e4 e6 2. d4 d5 3. Nc3 Nf6 4. e5 Nfd7 5. f4 c5 6. Nf3 Nc6 7. Be3 cxd4 8. Nxd4
Bc5 9. Qd2 a6 10. O-O-O O-O 11. Qf2 Qe7 12. Kb1 Bxd4 13. Bxd4 b5 14. Bd3 Bb7 15.
g4 Nxd4 16. Qxd4 f6 17. exf6 Qxf6 18. Ne2 Qxd4 19. Nxd4 Rxf4 20. Nxe6 Rf6 21.
Rhe1 Re8 22. Ng5 Rxe1 23. Bxh7+ Kf8 24. Rxe1 g6 25. Ne6+ Kf7 26. Nd8+ Kg7 27. g5
Rf5 28. Nxb7 Kxh7 29. Re7+ Kg8 30. b4 Ne5 31. Kb2 d4 32. Re8+ Kg7 33. Nd6 Rxg5
34. a4 bxa4 35. Ka3 Nf3 36. Kxa4 Nxh2 37. Re7+ Kf6 38. Ra7 Rg2 39. Rxa6 Nf3 40.
b5 Rxc2 41. b6 Ra2+ 42. Kb5 Rxa6 43. Kxa6 Ne5 44. Nc4 Nd7 45. b7 Nc5+ 46. Kb6
Nxb7 47. Kxb7 g5 48. Kc6 g4 49. Nd2 Ke5 50. Kc5 Kf4 51. Nf1 d3 52. Kd4 d2 53.
Ne3 g3 54. Kd3 d1=Q+ 55. Nxd1 g2 56. Nf2 Kg3 57. Ne4+ Kf3 58. Ng5+ Kg4 0-1

[Event "8th Leiden Open A 2014"]
[Site "Leiden NED"]
[Date "2014.07.13"]
[Round "3.17"]
[White "Zaksaite, Salomeja"]
[Black "Tsifanskaya, Ludmila A"]
[Result "1/2-1/2"]
[WhiteTitle "WIM"]
[BlackTitle "WIM"]
[WhiteElo "2205"]
[BlackElo "2120"]
[WhiteFideId "12801496"]
[BlackFideId "2802368"]
[EventDate "2014.07.11"]

1. e4 c5 2. Nf3 Nc6 3. Bb5 g6 4. O-O Bg7 5. Re1 Nf6 6. e5 Nd5 7. Nc3 Nc7 8. Bxc6
dxc6 9. Ne4 Ne6 10. d3 O-O 11. Be3 b6 12. Qd2 Re8 13. Bh6 Bh8 14. Neg5 Nxg5 15.
Nxg5 Qd4 16. Re4 Qxb2 17. Rae1 Bf5 18. Qf4 f6 19. exf6 Bxf6 20. g4 Bxg5 21. Bxg5
Bxe4 22. Qxe4 Qd4 23. Qe6+ Kh8 24. Bxe7 Rxe7 25. Qxe7 Qxg4+ 26. Kf1 Qh3+ 27. Kg1
Qg4+ 28. Kf1 Qh3+ 29. Kg1 1/2-1/2

[Event "8th Leiden Open A 2014"]
[Site "Leiden NED"]
[Date "2014.07.13"]
[Round "3.18"]
[White "Boelhouwer, Collin"]
[Black "De Roode, Martijn"]
[Result "0-1"]
[WhiteElo "2183"]
[BlackElo "2114"]
[WhiteFideId "1013300"]
[BlackFideId "1030752"]
[EventDate "2014.07.11"]

1. e4 d6 2. d4 Nf6 3. Nc3 e5 4. Nf3 Nbd7 5. Bc4 Be7 6. h3 O-O 7. Be3 c6 8. O-O
b5 9. Bd3 Bb7 10. dxe5 dxe5 11. a4 b4 12. Ne2 Qc7 13. c3 a5 14. Ng3 Nc5 15. Bxc5
Bxc5 16. Qe2 bxc3 17. bxc3 g6 18. Bc4 Rad8 19. Rad1 Bc8 20. Ng5 Rde8 21. Rd2 h6
22. Nf3 Qe7 23. Rfd1 Nh7 24. Ba6 Bxf2+ 25. Qxf2 Bxa6 26. Qb6 Bc8 27. Qxa5 Ng5
28. Nxg5 Qxg5 29. Kh2 h5 30. Qc5 Be6 31. Qf2 Ra8 32. Ra1 Ra5 33. Rd6 c5 34. Ne2
Rfa8 35. Rc6 Rxa4 36. Rxa4 Rxa4 37. Rxc5 Qd2 38. Qf3 Ra2 39. Ng3 Ra1 40. Nf1 Qe1
41. Kg1 Kg7 42. Rc7 Ra4 43. Qe3 Rxe4 44. Qxe1 Rxe1 45. Kf2 Rc1 46. Ne3 Kf8 47.
Ke2 f5 48. Kf2 f4 49. Nf1 e4 50. Nh2 Rc2+ 51. Kf1 f3 0-1

[Event "8th Leiden Open A 2014"]
[Site "Leiden NED"]
[Date "2014.07.13"]
[Round "3.19"]
[White "Itzhaky, Shmuel"]
[Black "Vistisen, Lars"]
[Result "1-0"]
[WhiteElo "2056"]
[BlackElo "2169"]
[WhiteFideId "2810140"]
[BlackFideId "1404598"]
[EventDate "2014.07.11"]

1. d4 Nf6 2. Bg5 c5 3. Bxf6 gxf6 4. dxc5 Na6 5. e3 Nxc5 6. Nf3 e6 7. c4 f5 8.
Nc3 a6 9. Be2 Qf6 10. Qd4 Be7 11. O-O-O Qxd4 12. Nxd4 Ne4 13. Nxe4 fxe4 14. f3
Rg8 15. Rhg1 d5 16. cxd5 exd5 17. f4 Bd7 18. Kb1 O-O-O 19. Bh5 Rg7 20. Rd2 Kb8
21. g3 Rc8 22. a3 h6 23. Rgd1 Ka7 24. Ka2 b6 25. Ne2 Bb5 26. Nc3 Bc4+ 27. b3 Bd3
28. Nxd5 Bc5 29. b4 Rd8 30. bxc5 Rxd5 31. cxb6+ Kxb6 32. Be2 f5 33. Bxd3 Rgd7
34. Rb1+ Ka7 35. Rb3 h5 36. Kb2 exd3 37. Rb4 a5 38. Rc4 Re7 39. Rd4 Rb7+ 40. Kc3
Rc5+ 41. Rc4 Rcb5 42. Kxd3 Rb3+ 43. Rc3 a4 44. Rc2 Ka6 45. Kd4 Rd7+ 46. Ke5 Re7+
47. Kxf5 Rxe3 48. Rxe3 Rxe3 49. Ra2 Kb5 50. Kg5 Kc4 51. Kxh5 Kb3 52. Rf2 1-0

[Event "8th Leiden Open A 2014"]
[Site "Leiden NED"]
[Date "2014.07.13"]
[Round "3.20"]
[White "Hendrickson, Nolan R"]
[Black "Oosterom, Erik"]
[Result "1-0"]
[WhiteElo "2168"]
[BlackElo "2085"]
[WhiteFideId "2038188"]
[BlackFideId "1003470"]
[EventDate "2014.07.11"]

1. Nf3 d5 2. g3 c6 3. Bg2 Bg4 4. O-O Nd7 5. d3 Ngf6 6. Nbd2 e6 7. e4 dxe4 8.
dxe4 Be7 9. Qe2 Ne5 10. Rd1 Qb6 11. h3 Nxf3+ 12. Nxf3 Bxf3 13. Bxf3 Rd8 14.
Rxd8+ Bxd8 15. b3 Bc7 16. Be3 Qa5 17. Rd1 O-O 18. a4 h6 19. Bg2 Bb6 20. Bd2 Qe5
21. Bf4 Qb2 22. Bc1 Qe5 23. Kh2 Rd8 24. Rxd8+ Bxd8 25. Be3 Bb6 26. Bxb6 axb6 27.
Qd3 Qc7 28. f4 e5 29. fxe5 Nd7 30. Qd6 Qxd6 31. exd6 g5 32. Bf3 Ne5 33. Bg4 Kf8
34. Bf5 f6 35. Bc8 Ke8 36. Kg2 Kd8 37. Be6 h5 38. Kf2 c5 39. Ke3 Ke8 40. c3 1-0

[Event "8th Leiden Open A 2014"]
[Site "Leiden NED"]
[Date "2014.07.13"]
[Round "3.21"]
[White "Van der Marel, Bert"]
[Black "Oudshoorn, Arres"]
[Result "1-0"]
[WhiteElo "2161"]
[BlackElo "2038"]
[WhiteFideId "1005855"]
[BlackFideId "1036203"]
[EventDate "2014.07.11"]

1. d4 Nf6 2. c4 g6 3. Nc3 Bg7 4. e4 d6 5. Nge2 O-O 6. Ng3 e5 7. d5 a5 8. Be2 Na6
9. Bg5 h6 10. Be3 h5 11. h4 Qe8 12. f3 Nc5 13. Qd2 Bd7 14. Bh6 Nh7 15. Bxg7 Kxg7
16. O-O-O a4 17. Rdg1 Qe7 18. Bd1 Rfb8 19. Bc2 b5 20. cxb5 Bxb5 21. Nd1 Rb7 22.
Nf1 a3 23. Nfe3 axb2+ 24. Kb1 Rba7 25. Nc3 Ba4 26. g4 Bxc2+ 27. Qxc2 Na4 28.
Ncd1 hxg4 29. Rxg4 Qf6 30. Qg2 Nc5 31. Nc3 Nd3 32. h5 g5 33. h6+ Kh8 34. Qe2 Nb4
35. a4 Rb8 36. Nc4 Na6 37. Na5 Raa8 38. Nc6 Rb3 39. Kc2 Nc5 40. a5 Kg8 41. Rgg1
Kf8 42. Rb1 Qf4 43. Rxb2 Rxb2+ 44. Kxb2 f5 45. Nb5 Rc8 46. Ra1 Ke8 47. a6 Kd7
48. a7 Ra8 49. Nc3 Nf6 50. Rh1 Nh7 51. Kc2 Ke8 52. Qb5 Kf7 53. Qb8 Na6 54. Qxa8
Qxf3 55. Re1 Nc5 56. Rd1 fxe4 57. Qh8 Kg6 58. Ne7+ Kh5 59. Qxh7 e3 60. Qg6+ Kh4
61. Nf5+ Kh3 62. Nxe3 1-0

[Event "8th Leiden Open A 2014"]
[Site "Leiden NED"]
[Date "2014.07.14"]
[Round "4.1"]
[White "Bogner, Sebastian"]
[Black "Das, Arghyadip"]
[Result "1/2-1/2"]
[WhiteTitle "GM"]
[BlackTitle "IM"]
[WhiteElo "2602"]
[BlackElo "2439"]
[WhiteFideId "4692055"]
[BlackFideId "5003610"]
[EventDate "2014.07.11"]

1. Nf3 Nf6 2. c4 g6 3. Nc3 Bg7 4. d4 O-O 5. e4 d6 6. Be2 e5 7. O-O Nc6 8. d5 Ne7
9. Ne1 Nd7 10. Nd3 f5 11. Bd2 fxe4 12. Nxe4 Nf6 13. f3 Nf5 14. Ndf2 Nd4 15. Be3
Nxe4 16. Nxe4 Bf5 17. Bd3 c6 18. Bxd4 exd4 19. Ng3 Bd7 20. f4 c5 21. Ne4 Bh6 22.
Qd2 Bf5 23. Rae1 Qd7 24. h3 Rf7 25. g4 Bxe4 26. Rxe4 Re8 27. g5 Bg7 28. Kg2 Rfe7
29. Rfe1 Rxe4 30. Bxe4 b5 31. b3 bxc4 32. bxc4 Rb8 33. Bd3 Re8 34. Be4 Rb8 35.
Re2 Rf8 36. Bd3 Re8 37. Be4 Rf8 38. Rf2 d3 39. Bxd3 Bd4 40. Re2 Re8 41. Kg3 Rxe2
42. Qxe2 Kf7 43. h4 Qe8 44. Be4 Kg7 45. Qf3 Qa4 46. Qe2 Qa3+ 47. Bd3 Qc1 48.
Qe7+ Kg8 49. Qd8+ Kg7 50. Qc7+ Kg8 51. Qb8+ Kg7 52. Qxa7+ Kg8 53. Qa8+ Kg7 54.
Qb7+ Kg8 55. Qb8+ Kg7 56. Qc7+ Kg8 57. Qc8+ Kg7 58. Qd7+ Kg8 59. Qd8+ Kg7 60.
Qe7+ Kg8 61. Qe8+ Kg7 62. Qe7+ Kg8 63. Qe2 Qg1+ 64. Kh3 Qh1+ 65. Kg3 Qg1+ 66.
Kh3 Qh1+ 67. Qh2 Qd1 68. Be2 Qc2 69. Bf1 Qc1 70. Bd3 Qd1 71. Qg3 Bf2 72. Qxf2
Qxd3+ 73. Kg4 Qxc4 74. Qd2 Qe4 75. Kg3 Qh1 76. a4 Qg1+ 77. Kh3 Qh1+ 78. Kg3 Qg1+
79. Kf3 Qh1+ 80. Kg3 1/2-1/2

[Event "8th Leiden Open A 2014"]
[Site "Leiden NED"]
[Date "2014.07.14"]
[Round "4.2"]
[White "Cernousek, Lukas"]
[Black "Pijpers, Arthur"]
[Result "1-0"]
[WhiteTitle "IM"]
[WhiteElo "2457"]
[BlackElo "2371"]
[WhiteFideId "311707"]
[BlackFideId "1019554"]
[EventDate "2014.07.11"]

1. d4 d5 2. c4 c6 3. cxd5 cxd5 4. Nf3 Nf6 5. Nc3 Nc6 6. Bf4 Bf5 7. e3 e6 8. Qb3
Bb4 9. Ne5 Qb6 10. Nxc6 bxc6 11. Be2 Ne4 12. f3 Nxc3 13. bxc3 Be7 14. Kf2 O-O
15. c4 dxc4 16. Bxc4 Qd8 17. e4 Bg6 18. Rhd1 Bd6 19. Qe3 Rb8 20. Bb3 Bxf4 21.
Qxf4 Rb4 22. Qe3 Qb6 23. Rac1 Rd8 24. Rc5 Rb5 25. Qc3 Rxc5 26. dxc5 Qb8 27. Qe5
Qc8 28. Rd6 Re8 29. Qd4 e5 30. Qa4 h6 31. Rxg6 Qd8 32. Rd6 Qh4+ 33. Kf1 Qxh2 34.
Qxc6 Rf8 35. Qd5 Qh1+ 36. Kf2 Qh4+ 37. Ke2 Qg5 38. Kf1 1-0

[Event "8th Leiden Open A 2014"]
[Site "Leiden NED"]
[Date "2014.07.14"]
[Round "4.3"]
[White "Bitalzadeh, Ali"]
[Black "Nikolic, Predrag"]
[Result "0-1"]
[WhiteTitle "IM"]
[BlackTitle "GM"]
[WhiteElo "2416"]
[BlackElo "2605"]
[WhiteFideId "1010972"]
[BlackFideId "14400014"]
[EventDate "2014.07.11"]

1. c4 e5 2. Nc3 Nf6 3. e3 Bb4 4. Nge2 c6 5. d4 d6 6. a3 Ba5 7. b4 Bc7 8. e4 a5
9. b5 cxb5 10. cxb5 h6 11. a4 O-O 12. dxe5 dxe5 13. Ba3 Re8 14. Ng3 Be6 15. Be2
Nbd7 16. Nd5 Bb6 17. Rc1 Bxd5 18. exd5 Rc8 19. O-O Bc5 20. Bxc5 Rxc5 21. d6 g6
22. Qd2 Kg7 23. Rfd1 Qb6 24. Rc4 Rd5 25. Qe1 Rxd1 26. Qxd1 Re6 27. Qc1 Rxd6 28.
Rh4 Ng8 29. Rg4 Ndf6 30. Nf5+ Kh7 31. Nxd6 Nxg4 32. Ne4 N4f6 33. Qc5 Qxc5 34.
Nxc5 b6 35. Nd3 Nd7 36. Bf3 Ngf6 37. Bc6 Kg7 38. g3 Kf8 39. f4 exf4 40. gxf4 Ke7
41. Kf2 Kd6 42. h4 Nc5 43. Nb2 Ke6 44. Bg2 Nfe4+ 45. Ke3 Nc3 46. Nc4 N5xa4 47.
Bh3+ f5 48. Bf1 Nd5+ 49. Kf3 Nc5 50. Ne5 Nxf4 0-1

[Event "8th Leiden Open A 2014"]
[Site "Leiden NED"]
[Date "2014.07.14"]
[Round "4.4"]
[White "Stany, G.A."]
[Black "Ikonnikov, Vyacheslav"]
[Result "1/2-1/2"]
[WhiteTitle "IM"]
[BlackTitle "GM"]
[WhiteElo "2399"]
[BlackElo "2556"]
[WhiteFideId "5029104"]
[BlackFideId "4100972"]
[EventDate "2014.07.11"]

1. e4 e6 2. d4 d5 3. e5 c5 4. c3 Nc6 5. Nf3 Bd7 6. Bd3 Rc8 7. dxc5 Bxc5 8. Qe2
Nge7 9. Nbd2 Ng6 10. Nb3 Be7 11. Nbd4 Nxd4 12. Nxd4 Bg5 13. g3 Bxc1 14. Rxc1 Ne7
15. f4 Qb6 16. Qf2 Nc6 17. Nb5 Qxf2+ 18. Kxf2 Ke7 19. Rhe1 f6 20. Nd4 Nxd4 21.
cxd4 h6 22. exf6+ Kxf6 1/2-1/2

[Event "8th Leiden Open A 2014"]
[Site "Leiden NED"]
[Date "2014.07.14"]
[Round "4.5"]
[White "Wohl, Aleksandar H."]
[Black "Horvath, Csaba"]
[Result "1/2-1/2"]
[WhiteTitle "IM"]
[BlackTitle "GM"]
[WhiteElo "2339"]
[BlackElo "2542"]
[WhiteFideId "3200345"]
[BlackFideId "700118"]
[EventDate "2014.07.11"]

1. b3 e5 2. Bb2 Nc6 3. e3 d6 4. c4 g6 5. Ne2 Bg7 6. Nbc3 Nge7 7. a3 Be6 8. g3
Qd7 9. h3 d5 10. cxd5 Nxd5 11. Ne4 Qe7 12. Rc1 Rd8 13. Bg2 O-O 1/2-1/2

[Event "8th Leiden Open A 2014"]
[Site "Leiden NED"]
[Date "2014.07.14"]
[Round "4.6"]
[White "Sengupta, Deep"]
[Black "Lupor, Stefan"]
[Result "1-0"]
[WhiteTitle "GM"]
[BlackTitle "FM"]
[WhiteElo "2533"]
[BlackElo "2306"]
[WhiteFideId "5008352"]
[BlackFideId "4685806"]
[EventDate "2014.07.11"]

1. e4 e6 2. d4 d5 3. Nd2 Nf6 4. e5 Nfd7 5. f4 c5 6. Ngf3 cxd4 7. Nb3 Nc6 8.
Nfxd4 Nxd4 9. Qxd4 Qb6 10. Be3 Qxd4 11. Bxd4 Nb8 12. O-O-O Nc6 13. Bc5 Bxc5 14.
Nxc5 Ke7 15. Bd3 b6 16. Nb3 Bd7 17. Rhe1 h5 18. h4 Rac8 19. Kb1 Rc7 20. Re3 a5
21. a3 a4 22. Nc1 Na7 23. Ne2 g6 24. Nd4 Rc5 25. c3 Bb5 26. Bc2 Ra8 27. g4 hxg4
28. Rg3 Nc6 29. Nxb5 Rxb5 30. Rxg4 Rba5 31. h5 gxh5 32. Rh4 Rg8 33. Rxh5 Rg2 34.
Rdh1 Rb5 35. R5h2 Rxh2 36. Rxh2 Ra5 37. Rh8 Nd8 38. Kc1 Rc5 39. Bxa4 Rc4 40.
Re8# 1-0

[Event "8th Leiden Open A 2014"]
[Site "Leiden NED"]
[Date "2014.07.14"]
[Round "4.7"]
[White "Van Der Wiel, John T.H."]
[Black "Overeem, Marc"]
[Result "1-0"]
[WhiteTitle "GM"]
[BlackTitle "FM"]
[WhiteElo "2424"]
[BlackElo "2159"]
[WhiteFideId "1000020"]
[BlackFideId "1004972"]
[EventDate "2014.07.11"]

1. e4 c5 2. Nf3 d6 3. d4 cxd4 4. Nxd4 Nf6 5. Nc3 a6 6. Bg5 e6 7. f4 Qc7 8. Bxf6
gxf6 9. Be2 Nc6 10. Qd3 Nxd4 11. Qxd4 Be7 12. O-O-O Bd7 13. Bh5 Rc8 14. f5 O-O
15. Qd2 Qc5 16. Qh6 Bb5 17. Rhe1 Kh8 18. Re3 Rg8 19. Bxf7 Bf8 20. Qh3 Rxg2 21.
Rde1 Rg5 22. Bxe6 Rc7 23. Kb1 Be8 24. a3 b5 25. Qh4 Rcg7 26. Nd5 Qd4 27. Rd3 Qe5
28. Rc3 Bd7 29. Bxd7 Rxd7 30. Rc8 Kg7 31. Nf4 Be7 32. Ne6+ 1-0

[Event "8th Leiden Open A 2014"]
[Site "Leiden NED"]
[Date "2014.07.14"]
[Round "4.8"]
[White "De Roode, Martijn"]
[Black "Maryasin, Boris"]
[Result "0-1"]
[BlackTitle "IM"]
[WhiteElo "2114"]
[BlackElo "2327"]
[WhiteFideId "1030752"]
[BlackFideId "2801892"]
[EventDate "2014.07.11"]

1. e4 c5 2. Nf3 e6 3. d4 cxd4 4. Nxd4 a6 5. Nc3 b5 6. Bd3 Qb6 7. Nf3 Qc7 8. O-O
Bb7 9. e5 f5 10. Re1 Be7 11. Nh4 g6 12. Nf3 Nc6 13. a3 h6 14. Qe2 Bc5 15. h4
Nge7 16. Bf4 Nd4 17. Nxd4 Bxd4 18. Qd2 g5 19. hxg5 hxg5 20. Bxg5 Bxe5 21. Rxe5
Qxe5 22. Bf4 Qg7 23. f3 Bxf3 24. Rf1 Bc6 25. Rf2 Ng6 26. Bg5 Ne5 27. Bxf5 Rg8
28. Ne4 Bxe4 29. Bxe4 d5 30. Bxd5 exd5 31. Qxd5 Qxg5 32. Qxa8+ Ke7 33. Qb7+ Kd6
34. Qxa6+ Nc6 35. Qb6 Rb8 36. Qa6 Qc1+ 37. Rf1 Qe3+ 38. Rf2 0-1

[Event "8th Leiden Open A 2014"]
[Site "Leiden NED"]
[Date "2014.07.14"]
[Round "4.9"]
[White "Erwich, Frank"]
[Black "Thakoerdien, Jerrel"]
[Result "1-0"]
[WhiteTitle "FM"]
[WhiteElo "2322"]
[BlackElo "2115"]
[WhiteFideId "1007076"]
[BlackFideId "1037439"]
[EventDate "2014.07.11"]

1. e4 d5 2. exd5 Nf6 3. Bb5+ Bd7 4. Be2 Nxd5 5. d4 g6 6. c4 Nb6 7. Nc3 Bf5 8. c5
Nd5 9. Qb3 Nxc3 10. bxc3 Be6 11. Qxb7 Bd5 12. Bb5+ c6 13. Ba4 Bxg2 14. Qxa8 Bxh1
15. Rb1 Nd7 16. Qxd8+ Kxd8 17. f3 e5 18. Bxc6 Kc7 19. Bd5 Nf6 20. Rb7+ Kc8 21.
Bc6 e4 22. Bf4 1-0

[Event "8th Leiden Open A 2014"]
[Site "Leiden NED"]
[Date "2014.07.14"]
[Round "4.10"]
[White "Lupor, Andre"]
[Black "Kerkvliet, Max"]
[Result "1/2-1/2"]
[WhiteTitle "FM"]
[WhiteElo "2281"]
[BlackElo "2091"]
[WhiteFideId "4680103"]
[BlackFideId "1025546"]
[EventDate "2014.07.11"]

1. d4 d5 2. c4 e6 3. Nf3 c6 4. Nc3 Nf6 5. Bg5 Be7 6. e3 Nbd7 7. Rc1 h6 8. Bh4
O-O 9. Bd3 a6 10. cxd5 exd5 11. Qc2 Re8 12. O-O Ne4 13. Bxe7 Qxe7 14. Bxe4 dxe4
15. Nd2 Nf6 16. Nc4 Kh8 17. Nb6 Rb8 18. Nxc8 Rbxc8 19. Qb3 Red8 20. Rfd1 Rd6 21.
Na4 Nd5 22. Nb6 Nxb6 23. Qxb6 Rd5 24. Rc5 Rcd8 1/2-1/2

[Event "8th Leiden Open A 2014"]
[Site "Leiden NED"]
[Date "2014.07.14"]
[Round "4.11"]
[White "Braggaar, Leonore"]
[Black "Blom, Vincent"]
[Result "0-1"]
[WhiteElo "2065"]
[BlackElo "2218"]
[WhiteFideId "1017284"]
[BlackFideId "1014358"]
[EventDate "2014.07.11"]

1. e4 c6 2. d4 d5 3. Nc3 dxe4 4. Nxe4 Bf5 5. Ng3 Bg6 6. h4 h6 7. h5 Bh7 8. Nf3
Nd7 9. Bd3 Bxd3 10. Qxd3 e6 11. Bd2 Ngf6 12. O-O-O Be7 13. Kb1 O-O 14. Qe2 Qb6
15. c4 Rfe8 16. Ne5 Rad8 17. Be3 c5 18. f4 Nb8 19. Qd3 Rf8 20. f5 Nc6 21. Nxf7
Nb4 22. Nxh6+ gxh6 23. Qe2 cxd4 24. Bxh6 d3 25. Qd2 Rf7 26. Rhe1 e5 27. Rxe5 Nc2
28. Qg5+ Kh8 29. Re6 Qd4 30. Qd2 Bb4 31. Qf4 Qxf4 32. Bxf4 Ng4 33. a3 Bc5 34.
Bd2 Bd4 35. Bg5 Bf6 36. Bd2 Nd4 37. Ree1 Nf2 38. Ba5 b6 39. Rd2 bxa5 40. Rxf2
Bh4 41. Re3 Bxg3 42. Rxg3 Nxf5 43. Rgf3 d2 0-1

[Event "8th Leiden Open A 2014"]
[Site "Leiden NED"]
[Date "2014.07.14"]
[Round "4.12"]
[White "Jansen, Dirk Norbert"]
[Black "Itzhaky, Shmuel"]
[Result "0-1"]
[WhiteElo "2212"]
[BlackElo "2056"]
[WhiteFideId "4668022"]
[BlackFideId "2810140"]
[EventDate "2014.07.11"]

1. e4 e6 2. Nf3 d5 3. e5 c5 4. b4 b6 5. c3 f6 6. a3 fxe5 7. Nxe5 Nf6 8. d4 Bd6
9. Bg5 O-O 10. Bd3 Nbd7 11. Qe2 Qc7 12. Bxf6 Rxf6 13. Ng4 Rf7 14. Nd2 e5 15. O-O
Bb7 16. bxc5 bxc5 17. Rab1 e4 18. Nxe4 dxe4 19. Bc4 Nb6 20. Bxf7+ Qxf7 21. Ne3
cxd4 22. cxd4 Bxa3 23. Qb5 Bd6 24. Qa5 g6 25. Rb2 h5 26. Ra1 Kh7 27. Qb5 Kh6 28.
Ra5 Qf6 29. Rba2 a6 30. Qb2 Rc8 31. g3 Bf8 32. Ra1 Bg7 33. Rb1 Rf8 34. Ra2 Bd5
35. Rxa6 Rb8 36. Qd2 Nc4 37. Nxc4+ Kh7 38. Rxf6 Rxb1+ 39. Kg2 e3+ 0-1

[Event "8th Leiden Open A 2014"]
[Site "Leiden NED"]
[Date "2014.07.14"]
[Round "4.13"]
[White "Gieben, Stijn"]
[Black "Hendrickson, Nolan R"]
[Result "0-1"]
[WhiteElo "2042"]
[BlackElo "2168"]
[WhiteFideId "1034170"]
[BlackFideId "2038188"]
[EventDate "2014.07.11"]

1. e4 c5 2. Nf3 d6 3. d4 cxd4 4. Nxd4 Nf6 5. Nc3 g6 6. Be3 Bg7 7. f3 Nc6 8. Qd2
O-O 9. O-O-O d5 10. exd5 Nxd5 11. Nxc6 bxc6 12. Bd4 e5 13. Bc5 Rb8 14. Bc4 Be6
15. Ne4 f5 16. Bxf8 Qxf8 17. Ng5 e4 18. Bb3 Qf6 19. c3 e3 20. Qe2 Qxg5 21. h4
Qe7 22. c4 Qc5 23. g3 Nb6 24. Kb1 a5 0-1